| 000 | 00339nam a22001457a 4500 | ||
|---|---|---|---|
| 082 |
_a894.812.3 _bGRI/G |
||
| 100 | _aGRIM JACOB | ||
| 100 | _aGRIM WILLIAM | ||
| 245 | _aGRIMMINTE KADHAKAL | ||
| 250 | _a2009 | ||
| 260 |
_aTHRISSUR _bNISHAGANDHI PUBLICATIONS _c2009 |
||
| 300 | _a63 | ||
| 650 |
_aSHORT STORY MALAYALAM _zKERALA |
||
| 942 | _cBK | ||
| 999 |
_c1306 _d1306 |
||